Phong cách ngôn ngữ khẩu ngữ trong tiểu thuyết Bến không chồng của Dương Hướng

Những cơ sở lí luận liên quan đến đề tài. Đặc điểm ngôn ngữ khẩu ngữ trong tiểu thuyết Bến không chồng của Dương Hướng. Vai trò của Phong cách ngôn ngữ khẩu ngữ với việc thể hiện nội dung và nghệ thuật trong tiểu thuyết Bến không chồng của Dương Hướng....

Ausführliche Beschreibung

Gespeichert in:
Bibliographische Detailangaben
1. Verfasser: Lương Thị Thơm
Weitere Verfasser: Tạ Thị Toàn (Hướng dẫn)
Format: Buch
Sprache:Vietnamese
Veröffentlicht: Đà Nẵng Đại học Sư phạm, Đại học Đà Nẵng 2013
Schlagworte:
Tags: Tag hinzufügen
Keine Tags, Fügen Sie den ersten Tag hinzu!
Thư viện lưu trữ: Mạng thư viện Đại học Đà Nẵng
LEADER 01944nam a2200409 4500
001 000018928
003 15363
005 20140311100346.0
008 140220s2013 viesd
041 |a vie 
072 |a VH 
082 1 4 |a 895.922334  |b LƯ-T 
100 1 |a Lương Thị Thơm 
245 1 0 |a Phong cách ngôn ngữ khẩu ngữ trong tiểu thuyết Bến không chồng của Dương Hướng  |c Lương Thị Thơm ; Tạ Thị Toàn hướng dẫn  |k Khóa luận tốt nghiệp 
260 |a Đà Nẵng  |b Đại học Sư phạm, Đại học Đà Nẵng  |c 2013 
300 |a 73 tr.  |c 29 cm. 
500 |a Khóa luận tốt nghiệp đại học. Chuyên ngành: Cử nhân Văn học 
520 |a Những cơ sở lí luận liên quan đến đề tài. Đặc điểm ngôn ngữ khẩu ngữ trong tiểu thuyết Bến không chồng của Dương Hướng. Vai trò của Phong cách ngôn ngữ khẩu ngữ với việc thể hiện nội dung và nghệ thuật trong tiểu thuyết Bến không chồng của Dương Hướng. 
600 1 4 |a Dương Hướng  |d 1949-  |t Bến không chồng 
650 0 4 |a Tiểu thuyết Việt Nam  |v Khóa luận tốt nghiệp  |x Dương Hướng 
653 |a Tiểu thuyết Việt Nam 
653 |a Bến không chồng 
653 |a Khoa Ngữ văn 
653 |a Ngôn ngữ 
653 |a Khẩu ngữ 
653 |a Văn học Việt Nam 
700 1 |a Tạ Thị Toàn  |e Hướng dẫn 
OWN |a LSP 
AVA |a UDN50  |b LSP  |d 895.922334 LƯ-T  |e available  |t Error 5001 Not defined in file expand_doc_bib_avail.  |f 1  |g 0  |h N  |i 0  |k 1 
999 |a From the UDN01 
AVA |a UDN50  |b LSP  |d 895.922334 LƯ-T  |e available  |t Error 5001 Not defined in file expand_doc_bib_avail.  |f 1  |g 0  |h N  |i 0  |k 1 
TYP |a Monograph 
TYP |a Printed language 
980 |a Mạng thư viện Đại học Đà Nẵng